000 02480nam a2200337 i 4500
003 DO-SdBNP
005 20251001085958.0
007 ta
008 250910b2021 dr abc|| |||| 00| 0 spa d
040 _aDO-SdBNP
_bspa
_cBNPHU
_erda
041 _aspa
082 4 _a324.697293
_bR426r 2020
_222
110 2 _aRepública Dominicana.
_bJunta Central Electoral
_964605
245 1 0 _aResultados electorales 2020 :
_belecciones extraordinarias generales municipales del 15 de marzo del 2020. elecciones extraordinaria generales presidenciales, senatoriales y de diputaciones del 5 de julio del 2020 /
_cpresentación, Román Andrés Jáquez Liranzo ; edición y coordinación, Mario E. Núñez Valdez ; diseño, maquetación y arte final, Dioni H. Peña De León ; diseño portada, Gabriel Peña Pérez ; revisión, Jorge Luis Capellán.
264 4 _aSanto Domingo, República Dominicana :
_bJunta Central Electoral,
_c©2021.
300 _a583 páginas :
_bilustraciones, fotografías, graficas, mapas ;
_c35 cm.
336 _atexto
_btxt
_2rdacontent
337 _asin mediación
_bn
_2rdamedia
338 _avolumen
_bnc
_2rdacarrier
505 _aResultados electorales 2020, iii -- Visión, v -- Misión, v -- Presentación, ii -- Boletín de los niveles presidencial, senatorial, de diputaciones, en el exterior y municipales,1 -- Mapas de los niveles municipal y congresional, 13 -- Estadísticas del proceso electoral, 17 -- Detalles del nivel municipal con alianzas y sin alianzas de partidos políticos, 27 -- Detalle del nivel presidencial con alianzas y sin alianzas de partidos políticos, 89 -- Detalle del nivel senatorial con alianzas y sin alianzas y partidos políticos, 117 -- Detalle del nivel de diputaciones con alianzas y sin alianzas y partidos políticos, 141 -- Detalle de diputadas en el exterior, 169 -- Resultados del nivel municipal por demarcaciones, 177
590 _aInventariado, 2025 /LP
650 1 _aResultados de elecciones
_988649
_y2020
_zRepública Dominica
650 1 _aPresidentes
_984055
_xElección
_y2020
_zRepública Dominica
700 1 _aJáquez Liranzo, Ramón Andrés
_epresentador
_4pr.
_988616
700 1 _aNúñez Valdez, Mario E.
_ecoordinador
_4coord.
_988617
700 1 _aPeña De León, Dioni H.
_ediseño
_4dis.
_988621
700 1 _aPeña Pérez, Gabriel,
_ediseño portada,
_4dis.
_988622
700 1 _aJorge Luis Capellán,
_e revisado
_4rev.
_988623
910 _aLP. Validado. Control de calidad/MAA
942 _2ddc
_cLBS1
999 _c59872
_d59872